Europäische Geschichte nach Buchstabe - J - Statistiken

Allgemein
  • Dieses Quiz wurde 60 mal gespielt
  • Das Durchschnittsergebnis liegt bei 10 aus 20
Antwortstatistiken
Hinwei Antwort % Korrekt
Balkanstaat, der zwischen 1918 und 2003 existierte und dabei lange Zeit von Tito regiert wurde Jugoslawien
98%
Französische Nationalheldin und Heilige, die im Hundertjährigen Krieg als Ketzerin hingerichtet wurde Jeanne d'Arc
87%
Glückloser Englischer König, der von den Baronen zur Unterzeichnung der Magna Charta gezwungen wird Johann Ohneland
85%
Diese Religion war ab der Antike weit in Europa verbreitet und ließ sich auf Grund von sprachlich-kulturellen Unterschieden in einen Aschkenasischen und Sephardischen Zweig unterscheiden Judentum
83%
Oberste Gottheit des heidnischen Römischen Reiches Jupiter
81%
König Spaniens von 1975 bis 2013, der beim Übergang des Landes von einer Diktatur in eine Demokratie half Juan Carlos
75%
In diesem Ort auf der Krim trafen sich Stalin, Churchill und Roosevelt 1945, um die Nachkriegsordnung zu planen Jalta
71%
Von Ignatius von Loyola gegründeter Orden, welcher u.a. durch Schulgründungen wichtiger Faktor der Gegenreformation war Jesuiten
62%
Kunststil um 1900 mit häufig floralen Motiven und Formen, auch als Art Noveau bekannt Jugendstil
60%
Erste römische Kaiserdynastie mit Cäsar und Augustus, nach der auch ein Monat benannt ist Julier
60%
Dieser Kreuzritterorden schuf einen Ordensstadt zunächst auf Rhodos und später auf Malta Johanniterorden
58%
Radikale Fraktion der Französischen Revolution, die unter Robespierre mit Terror herrschte Jakobiner
48%
Bezeichnung für die häufig adeligen preußischen Gutshofbesitzer Junker
38%
In diesem Aufstand wurde 1830 der französische König Karl X gestürzt und Louis Philippe sein Nachfolger Julirevolution
33%
Bedeutender Oströmischer Kaiser, der Nordafrika und Italien zurückerobern ließ, ein wichtiges Gesetzbuch herausgab und die Hagia Sophia erbauen ließ Justinian
29%
Osmanische Elitesoldaten, die ab dem 15. Jahrhundert als Kinder aus christlichen Familien aus dem Balkan entführt wurden Janitscharen
19%
Liberale Reformgruppe im Osmanischen Reich, die ab 1908 die Macht übernahmen, am Armenischen Völkermord beteiligt waren und den Kemalismus beeinflussten Jungtürken
15%
Großfürst der Kiewer Rus (1016-1054), der das erste Gesetzwerk des Landes herausgab und in der Orthodoxen Kirche als Heiliger verehrt wird Jaroslaw der Weise
10%
Erster Präsident der Russischen Föderation, der den Kapitalismus im Land einführte Boris Jetzin
8%
Litauische Herrscherdynastie, die ab 1386 in Personalunion auch Polen und Zeitweise in Ungarn, Böhmen und Kroatien regierten Jagellionen
6%
Keine übereinstimmenden Quizze gefunden
Verteilung der Resultate
Anzahl Personen mit jedem Resultat
Perzentil nach korrekt beantworteten Fragen
Ihre Resultats-Entwicklung
Sie haben dieses Quiz noch nicht gespielt